| 000 | 00632nam a2200217 a 4500 | ||
|---|---|---|---|
| 001 | 000022411 | ||
| 005 | 20200930011722.0 | ||
| 008 | 101008s2003 dr a 001 0 spa d | ||
| 020 | _a8466206434 | ||
| 040 |
_aDO-SdBNP _bspa _cBNPHU |
||
| 082 |
_a794.1 _bR666L |
||
| 100 | 1 |
_aRobles, Mauricio _946207 |
|
| 245 | 1 | 3 |
_aEl libro del ajedrez / _cMauricio Robles. |
| 260 |
_aMadrid, : _bLibsa, _c2003. |
||
| 300 |
_a318 p. : _bil. ; _c24 cm. |
||
| 490 | 1 | _aTécnicas de aprendizaje | |
| 650 | 4 |
_aAjedrez _xEnseñanza _946208 |
|
| 830 | 0 |
_aTécnicas de aprendizaje _946209 |
|
| 910 | _aValidado. Control de calidad MFF | ||
| 049 | _aBNPD | ||
| 999 |
_c21909 _d21909 |
||